| 000 | 00593nam a2200181 a 4500 | ||
|---|---|---|---|
| 001 | 000040724 | ||
| 005 | 20201002034331.0 | ||
| 008 | 130905s2011 mx ao 000 0 spa d | ||
| 020 | _a9786077612551 | ||
| 040 |
_aDO-SdBNP _beng _cBNPHU |
||
| 082 |
_axxx _bxxx |
||
| 100 | 1 |
_aFernández de Calderón, Cándida _967122 |
|
| 245 | 1 | 0 |
_aGreat Masters of Folk Art of Iberoamerica. / _cCándida Fernández de Calderón. |
| 260 |
_aMéxico : _bFomento cultural Banamex, _c2011. |
||
| 300 |
_av : _bil., fot. ; _c32 cm. |
||
| 500 | _athe library has volume 1 | ||
| 500 | _aIncludes directory of artisans | ||
| 999 |
_c40214 _d40214 |
||